| 000 | 00730nam a2200241 a 4500 | ||
|---|---|---|---|
| 001 | |||
| 003 | DO-SdBNP | ||
| 005 | 20220429121141.0 | ||
| 008 | 110414s1984 dr 000 0 spa d | ||
| 040 |
_aBPMSU _bspa _cBPMSU |
||
| 082 |
_aRD863.44 _bV443b 1984 _222 |
||
| 092 | _a | ||
| 100 | 1 |
_aVeloz Maggiolo, Marcio _d1936-2021 |
|
| 245 | 1 | 0 |
_aLa biografía difusa de Sombra Castañeda _b:(novela) / _cMarcio Veloz Maggiolo |
| 260 |
_aSanto Domingo : _bEditora Taller, _c1984 |
||
| 300 |
_a214 p. ; _c22 cm. |
||
| 586 | _aPremio Nacional de Novela 1981 de la República Dominicna | ||
| 590 | _6Inventariado, 2022/VM | ||
| 650 | 4 | _aNovela dominicana | |
| 650 | 4 |
_aLiteratura dominicana _x |
|
| 910 | _aVMateo V. | ||
| 942 |
_2ddc _cBK |
||
| 999 |
_c14179 _d14179 |
||